Fundamentos de la exploración psicológica / de Lee J. Cronbach, traducido del inglés por Alfonso Álvarez Villar
Descripción Física:
654 p. : il. ; 25 cm
Colección:
Textos y temas psicológicos ; 7
Otros Autores:
Álvarez Villar, Alfonso
MARC
| LEADER | 00000nam a2200000Ia 4500 | ||
|---|---|---|---|
| 001 | 17267 | ||
| 008 | 160829s1963 xx 000 0 cat d | ||
| 080 | |a E-1-246 | ||
| 100 | |a Cronbach, Lee J. |9 23224 | ||
| 245 | |a Fundamentos de la exploración psicológica / de Lee J. Cronbach, traducido del inglés por Alfonso Álvarez Villar | ||
| 260 | |a Madrid : |b Biblioteca Nueva, |c 1963 | ||
| 300 | |a 654 p. : |b il. ; |c 25 cm | ||
| 490 | |a Textos y temas psicológicos ; 7 | ||
| 590 | |a Bibliografia. Índex | ||
| 590 | |a Prové de l'Institut de Psicologia Aplicada | ||
| 650 | |a Psicologia |9 23225 | ||
| 650 | |a Tests psicològics |9 23226 | ||
| 700 | |a Álvarez Villar, Alfonso |9 23227 | ||
| 901 | |a Arxiu | ||
| 942 | |n 1 | ||
| 952 | |0 0 |1 0 |4 0 |6 E1246 |7 1 |9 42623 |a Arxiu |b Arxiu |d 2016-12-01 |l 0 |o E-1-246 |p 17267 |r 2016-12-01 00:00:00 |w 2016-12-01 |y ARXIU | ||
| 999 | |c 45128 |d 45128 | ||